| Tag |
First Indicator |
Second Indicator |
Subfields |
| LEADER |
00000cam a2200000 a 4500 |
| 001 |
in00000930821 |
| 005 |
20150925103531.0 |
| 008 |
890811s1990 maua bc 00110 eng |
| 010 |
|
|
|a 89022575
|
| 020 |
|
|
|a 379130965X (Prestel)
|
| 035 |
|
|
|a (OCoLC)20264662
|
| 035 |
|
|
|9 AER8644AM
|
| 040 |
|
|
|a DLC
|c DLC
|d UtOrBLW
|
| 049 |
|
|
|a TXAM
|
| 050 |
0 |
0 |
|a N6537.P68
|b A4 1990
|
| 082 |
0 |
0 |
|a 760/.092
|2 20
|
| 100 |
1 |
|
|a Prendergast, Maurice,
|d 1858-1924.
|
| 245 |
1 |
0 |
|a Maurice Brazil Prendergast, Charles Prendergast :
|b a catalogue raisonné /
|c Carol Clark, Nancy Mowll Mathews, Gwendolyn Owens.
|
| 264 |
|
1 |
|a Williamstown, MA :
|b Williams College Museum of Art ;
|a Munich, Germany :
|b Prestel :
|c [1990]
|
| 264 |
|
2 |
|a New York, NY :
|b Distributed in the USA by the Neues Pub. Co.,
|
| 264 |
|
4 |
|c ©1990
|
| 300 |
|
|
|a 811 pages :
|b illustrations (some color) ;
|c 30 cm.
|
| 336 |
|
|
|a text
|b txt
|2 rdacontent
|
| 337 |
|
|
|a unmediated
|b n
|2 rdamedia
|
| 338 |
|
|
|a volume
|b nc
|2 rdacarrier
|
| 504 |
|
|
|a Includes bibliographical references (pages 730-759) and indexes.
|
| 600 |
1 |
0 |
|a Prendergast, Maurice,
|d 1858-1924
|x Catalogues raisonnés.
|
| 700 |
1 |
|
|a Prendergast, Charles,
|d 1863-1948.
|
| 700 |
1 |
|
|a Clark, Carol,
|d 1947 July 21-
|
| 700 |
1 |
|
|a Mathews, Nancy Mowll.
|
| 700 |
1 |
|
|a Owens, Gwendolyn.
|
| 710 |
2 |
|
|a Williams College.
|b Museum of Art.
|
| 999 |
|
|
|a MARS
|
| 999 |
f |
f |
|s b16361e6-1783-3018-991b-4273174ed578
|i 4dec8275-9515-3bcc-919c-2b743fb2e104
|t 0
|
| 952 |
f |
f |
|p normal
|a Texas A&M University
|b College Station
|c Sterling C. Evans Library
|d Evans: Library Stacks
|t 0
|e N6537.P68 A4 1990
|h Library of Congress classification
|i unmediated -- volume
|m A14813747202
|
| 998 |
f |
f |
|a N6537.P68 A4 1990
|t 0
|l Evans: Library Stacks
|